[Event "Rhein Main op-B 22nd"]
[Site "Bad Homburg"]
[Date "2019.06.19"]
[Round "1"]
[White "Martin, Lukas"]
[Black "Lebermann, Hellmuth"]
[Result "0-1"]
[WhiteElo "1529"]
[BlackElo "1927"]
[PlyCount "48"]
[EventDate "2019.06.19"]
[EventType "swiss"]
[EventRounds "7"]
[EventCountry "GER"]
[SourceTitle "EXT 2020"]
[Source "ChessBase"]
[SourceDate "2019.10.17"]
[SourceVersion "1"]
[SourceVersionDate "2019.10.17"]
[SourceQuality "1"]

1. d4 c5 2. Nf3 e6 3. Nc3 d5 4. e4 cxd4 5. Qxd4 Nc6 6. Bb5 Bd7 7. Bxc6 bxc6 8. 0-0 Qb6 9. exd5 Qxd4 10. Nxd4 cxd5 11. Re1 Bb4 12. Nxd5 Bxe1 13. Nc7+ Kd8 14. Nxa8 Ba5 15. Bf4 Kc8 16. Nb3 Bd8 17. Nc5 Bc6 18. Rd1 Bxa8 19. Rd7 Bb6 20. b4 Nf6 21. Rxf7 Nd5 22. Nxe6 Re8 23. b5 Nxf4 24. Rxf4 Rxe6 0-1

[Event "Hessenliga 1819"]
[Site "Hessen"]
[Date "2019.04.07"]
[Round "8.7"]
[White "Barpiyeva, Gulsana"]
[Black "Lebermann, Hellmuth"]
[Result "1/2-1/2"]
[WhiteElo "2056"]
[BlackElo "1905"]
[PlyCount "67"]
[EventDate "2018.09.23"]
[EventType "team-tourn"]
[EventRounds "9"]
[EventCountry "GER"]
[SourceTitle "EXT 2020"]
[Source "ChessBase"]
[SourceDate "2019.10.17"]
[SourceVersion "1"]
[SourceVersionDate "2019.10.17"]
[SourceQuality "1"]
[WhiteTeam "Frankfurt BvK"]
[BlackTeam "Bad Homburg"]
[WhiteTeamCountry "GER"]
[BlackTeamCountry "GER"]

1. c4 Nf6 2. Nc3 g6 3. g3 c5 4. Bg2 Nc6 5. d3 Bg7 6. e3 0-0 7. Nge2 Rb8 8. 0-0 d6 9. a3 Bd7 10. Qc2 Qc8 11. Re1 a6 12. Rb1 b5 13. cxb5 axb5 14. b4 cxb4 15. axb4 Bh3 16. Kh1 Ne5 17. Nd4 Nh5 18. f4 Ng4 19. Nc6 Rb7 20. Nd5 Qe6 21. Bd2 Nhf6 22. Nd8 Rxd8 23. Nxf6+ Bxf6 24. Bxb7 d5 25. Qc7 Rf8 26. Qc6 Qf5 27. Qxd5 e5 28. Qe4 Qh5 29. Re2 Rd8 30. Bc3 exf4 31. d4 Nxe3 32. Rxe3 fxe3 33. Qxe3 Qg4 34. Bf3 1/2-1/2

[Event "Rhein Main op-B 21st"]
[Site "Bad Homburg"]
[Date "2018.06.02"]
[Round "6"]
[White "Kolker, Vladislav"]
[Black "Lebermann, Hellmuth"]
[Result "1/2-1/2"]
[WhiteElo "1988"]
[BlackElo "1865"]
[PlyCount "58"]
[EventDate "2018.05.30"]
[EventType "swiss"]
[EventRounds "7"]
[EventCountry "GER"]
[SourceTitle "EXT 2019"]
[Source "ChessBase"]
[SourceDate "2018.10.10"]
[SourceVersion "1"]
[SourceVersionDate "2018.10.10"]
[SourceQuality "1"]

1. e4 c5 2. Nf3 e6 3. b4 d5 4. e5 Qb6 5. bxc5 Bxc5 6. d4 Bb4+ 7. c3 Ba5 8. Bd3 Bd7 9. a4 Nc6 10. 0-0 Qd8 11. Ng5 g6 12. Qf3 f6 13. Nxh7 f5 14. Qg3 Nce7 15. Nf6+ Kf7 16. Bg5 Bc7 17. c4 Bc6 18. Qe3 Qf8 19. Nc3 Qg7 20. cxd5 exd5 21. h3 a6 22. Rfc1 Bd8 23. Be2 Ba5 24. Bf3 Bxc3 25. Rxc3 Rd8 26. Rc5 Ke6 27. Qb3 Qf7 28. Nxd5 Rxd5 29. Rac1 Qe8 1/2-1/2

[Event "Rhein Main op-B 20th"]
[Site "Bad Homburg"]
[Date "2017.06.16"]
[Round "4"]
[White "Lebermann, Hellmuth"]
[Black "Meyer, Marcel"]
[Result "1/2-1/2"]
[WhiteElo "1862"]
[BlackElo "1687"]
[PlyCount "60"]
[EventDate "2017.06.14"]
[EventType "swiss"]
[EventRounds "7"]
[EventCountry "GER"]
[SourceTitle "EXT 2018"]
[Source "ChessBase"]
[SourceDate "2017.10.13"]
[SourceVersion "1"]
[SourceVersionDate "2017.10.13"]
[SourceQuality "1"]

1. e4 c6 2. d4 d5 3. Nc3 dxe4 4. Nxe4 Bf5 5. Ng3 Bg6 6. Nf3 e6 7. h4 h6 8. h5 Bh7 9. Be3 Nd7 10. Bd3 Bxd3 11. Qxd3 Ngf6 12. 0-0-0 Qc7 13. Kb1 Bd6 14. Ne4 Nxe4 15. Qxe4 Nf6 16. Qh4 0-0-0 17. Rhe1 Nd5 18. c4 Nxe3 19. Rxe3 Be7 20. Qe4 Bf6 21. Ra3 Kb8 22. Rad3 Rhe8 23. Ne5 c5 24. f4 cxd4 25. Rxd4 Rxd4 26. Rxd4 Bxe5 27. fxe5 Rd8 28. c5 Kc8 29. b4 Rxd4 30. Qxd4 Qd7 1/2-1/2

[Event "Rhein Main op-B 18th"]
[Site "Bad Homburg"]
[Date "2015.06.07"]
[Round "7"]
[White "Lesny, Florian"]
[Black "Lebermann, Hellmuth"]
[Result "1/2-1/2"]
[WhiteElo "1597"]
[BlackElo "1910"]
[PlyCount "53"]
[EventDate "2015.06.03"]
[EventType "swiss"]
[EventRounds "7"]
[EventCountry "GER"]
[SourceTitle "CBM 167 Extra"]
[Source "ChessBase"]
[SourceDate "2015.09.14"]
[SourceVersion "1"]
[SourceVersionDate "2015.09.14"]
[SourceQuality "1"]

1. e4 e5 2. Nf3 d5 3. exd5 Bd6 4. d4 e4 5. Ne5 Nf6 6. Bb5+ Nbd7 7. Bg5 0-0 8. Nxd7 Bxd7 9. Bxd7 Qxd7 10. Bxf6 gxf6 11. c4 Bb4+ 12. Nd2 f5 13. a3 Bd6 14. Qh5 Kh8 15. h3 Rg8 16. g3 e3 17. Nf1 exf2+ 18. Kxf2 Rg7 19. c5 Bxc5 20. dxc5 Qxd5 21. Ne3 Qxc5 22. Qxf5 Qd4 23. Qc2 Re8 24. Qc3 Qb6 25. Rhe1 f6 26. Rad1 Reg8 27. Rg1 1/2-1/2

[Event "Rhein Main op-B 18th"]
[Site "Bad Homburg"]
[Date "2015.06.06"]
[Round "5"]
[White "Lebermann, Hellmuth"]
[Black "Michel, Carsten"]
[Result "1-0"]
[WhiteElo "1910"]
[BlackElo "1758"]
[PlyCount "57"]
[EventDate "2015.06.03"]
[EventType "swiss"]
[EventRounds "7"]
[EventCountry "GER"]
[SourceTitle "CBM 167 Extra"]
[Source "ChessBase"]
[SourceDate "2015.09.14"]
[SourceVersion "1"]
[SourceVersionDate "2015.09.14"]
[SourceQuality "1"]

1. e4 c5 2. c3 d5 3. e5 Bf5 4. Bb5+ Nc6 5. Na3 e6 6. Nf3 Nge7 7. 0-0 a6 8. Be2 Ng6 9. Re1 Be7 10. d4 cxd4 11. cxd4 0-0 12. Nc2 Rc8 13. Bd3 Bxd3 14. Qxd3 Nb4 15. Nxb4 Bxb4 16. Rd1 Qd7 17. a3 Be7 18. Be3 Rc6 19. g3 Rfc8 20. h4 h5 21. Bd2 Nf8 22. Kg2 Nh7 23. Ng5 Nxg5 24. hxg5 g6 25. Rh1 Kg7 26. g4 hxg4 27. Rh4 Kf8 28. Rah1 Ke8 29. Rh8+ 1-0

[Event "Rhein Main op-B 18th"]
[Site "Bad Homburg"]
[Date "2015.06.05"]
[Round "4"]
[White "Cawston, M John"]
[Black "Lebermann, Hellmuth"]
[Result "1-0"]
[WhiteElo "1824"]
[BlackElo "1910"]
[PlyCount "109"]
[EventDate "2015.06.03"]
[EventType "swiss"]
[EventRounds "7"]
[EventCountry "GER"]
[SourceTitle "CBM 167 Extra"]
[Source "ChessBase"]
[SourceDate "2015.09.14"]
[SourceVersion "1"]
[SourceVersionDate "2015.09.14"]
[SourceQuality "1"]

1. Nf3 Nf6 2. c4 g6 3. Nc3 d5 4. cxd5 Nxd5 5. e4 Nxc3 6. dxc3 Qxd1+ 7. Kxd1 Nc6 8. Kc2 Bg7 9. Bc4 0-0 10. Bf4 e5 11. Bg5 Re8 12. Rad1 a6 13. Rd2 Be6 14. Bxe6 Rxe6 15. Rhd1 f6 16. Be3 Rae8 17. Bc5 Bf8 18. Be3 Rd6 19. Rd5 Red8 20. a3 Kf7 21. c4 Ke6 22. Bc5 Ne7 23. Bxd6 cxd6 24. R5d3 h6 25. c5 d5 26. exd5+ Rxd5 27. Rxd5 Nxd5 28. b4 g5 29. Kb3 Be7 30. g3 f5 31. Nd2 e4 32. Nc4 f4 33. Nb6 Nxb6 34. cxb6 Kf5 35. Rd7 Bf6 36. Rxb7 e3 37. fxe3 f3 38. Rc7 f2 39. Rc1 Ke4 40. Kc4 Kxe3 41. Rf1 Be5 42. Kd5 Bb8 43. Kc6 Ke2 44. Rxf2+ Kxf2 45. Kb7 Be5 46. Kxa6 Kg2 47. Kb5 Kxh2 48. a4 g4 49. a5 Bxg3 50. a6 Bf2 51. a7 g3 52. a8Q g2 53. b7 g1Q 54. b8Q+ Bg3 55. Qa2+ 1-0

[Event "Frankfurt-chA"]
[Site "Frankfurt"]
[Date "2015.06.01"]
[Round "5"]
[White "Kaiser, Elmar"]
[Black "Lebermann, Hellmuth"]
[Result "1-0"]
[WhiteElo "2172"]
[BlackElo "1935"]
[PlyCount "49"]
[EventDate "2015.04.27"]
[EventType "swiss"]
[EventRounds "7"]
[EventCountry "GER"]
[SourceTitle "EXT 2016"]
[Source "ChessBase"]
[SourceDate "2015.10.08"]
[SourceVersion "1"]
[SourceVersionDate "2015.10.08"]
[SourceQuality "1"]

1. d4 d5 2. c4 e6 3. Nf3 Nf6 4. Bg5 Be7 5. e3 0-0 6. Nc3 Nbd7 7. Rc1 c6 8. Bd3 h6 9. Bh4 Nh5 10. Bxe7 Qxe7 11. g4 Nhf6 12. g5 hxg5 13. Nxg5 e5 14. dxe5 Nxe5 15. cxd5 Bg4 16. Be2 Rad8 17. f4 Nc4 18. e4 Bxe2 19. Qxe2 cxd5 20. e5 Nh7 21. h4 Qc5 22. Qh5 Qe3+ 23. Ne2 Qd3 24. Rh3 Qd2+ 25. Kf2 1-0

[Event "Frankfurt-chA"]
[Site "Frankfurt"]
[Date "2015.05.18"]
[Round "4"]
[White "Lebermann, Hellmuth"]
[Black "Thole, Markus"]
[Result "1-0"]
[WhiteElo "1935"]
[BlackElo "1773"]
[PlyCount "65"]
[EventDate "2015.04.27"]
[EventType "swiss"]
[EventRounds "7"]
[EventCountry "GER"]
[SourceTitle "EXT 2016"]
[Source "ChessBase"]
[SourceDate "2015.10.08"]
[SourceVersion "1"]
[SourceVersionDate "2015.10.08"]
[SourceQuality "1"]

1. c4 Nf6 2. Nc3 c5 3. Nf3 Nc6 4. e4 d6 5. d4 cxd4 6. Nxd4 Qb6 7. Be3 Nxd4 8. Bxd4 Qa5 9. f3 e5 10. Be3 Be7 11. Qb3 0-0 12. Be2 Bd7 13. 0-0 Bc6 14. a4 Nd7 15. Qa3 Qd8 16. b4 b6 17. a5 Bg5 18. Bf2 Qc7 19. Rfd1 Be7 20. b5 Bb7 21. a6 Bc8 22. Nd5 Qd8 23. Nxe7+ Qxe7 24. Qxd6 Re8 25. Ra2 h6 26. Rad2 Nf6 27. Qxe7 Rxe7 28. Rd8+ Kh7 29. c5 bxc5 30. Bxc5 Rc7 31. Bd6 Rc2 32. Bd3 Ra2 33. Bxe5 1-0

[Event "Frankfurt-chA"]
[Site "Frankfurt"]
[Date "2014.06.16"]
[Round "7"]
[White "Lebermann, Hellmuth"]
[Black "Biegel, Thomas"]
[Result "1/2-1/2"]
[WhiteElo "1865"]
[BlackElo "1975"]
[PlyCount "36"]
[EventDate "2014.04.28"]
[EventType "swiss"]
[EventRounds "7"]
[EventCountry "GER"]
[SourceTitle "EXT 2015"]
[Source "ChessBase"]
[SourceDate "2014.11.20"]
[SourceVersion "1"]
[SourceVersionDate "2014.11.20"]
[SourceQuality "1"]

1. Nf3 d5 2. g3 Nf6 3. Bg2 c6 4. 0-0 Bf5 5. d3 h6 6. Nbd2 e6 7. c3 Be7 8. a4 Nbd7 9. Re1 Bh7 10. b4 0-0 11. Qb3 Ng4 12. h3 Nge5 13. Nxe5 Nxe5 14. d4 Nd7 15. e4 Nf6 16. e5 Nd7 17. f4 g5 18. Nf3 Be4 1/2-1/2

[Event "Frankfurt-chA"]
[Site "Frankfurt"]
[Date "2014.06.02"]
[Round "6"]
[White "Chandler, Patrick"]
[Black "Lebermann, Hellmuth"]
[Result "1/2-1/2"]
[WhiteElo "2135"]
[BlackElo "1865"]
[PlyCount "140"]
[EventDate "2014.04.28"]
[EventType "swiss"]
[EventRounds "7"]
[EventCountry "GER"]
[SourceTitle "EXT 2015"]
[Source "ChessBase"]
[SourceDate "2014.11.20"]
[SourceVersion "1"]
[SourceVersionDate "2014.11.20"]
[SourceQuality "1"]

1. d4 Nf6 2. Nf3 g6 3. b4 Bg7 4. Bb2 0-0 5. e3 d6 6. Nbd2 a5 7. b5 c5 8. Be2 Nbd7 9. c4 b6 10. 0-0 Bb7 11. Qc2 cxd4 12. exd4 Rc8 13. Qb3 Qc7 14. Rac1 e5 15. Qc2 exd4 16. Nxd4 Nc5 17. Bf3 Rfe8 18. Bc6 Nfd7 19. N2b3 Bxc6 20. bxc6 Ne5 21. Nxc5 bxc5 22. Nb5 Qe7 23. c7 Nc6 24. Bxg7 Kxg7 25. Qd2 Nd4 26. Rce1 Qd7 27. Rxe8 Rxe8 28. Qxa5 Ne2+ 29. Kh1 Rc8 30. Qd2 Nd4 31. a4 Nxb5 32. axb5 Qxc7 33. Rd1 Re8 34. h3 Rd8 35. Qd5 Qa5 36. f4 h5 37. f5 Qc3 38. fxg6 fxg6 39. Rf1 Kh6 40. Rd1 Qg3 41. b6 Qb3 42. b7 Rd7 43. h4 Qxb7 44. Qg8 Qe4 45. Qh8+ Rh7 46. Qf6 Rd7 47. Rxd6 Rf7 48. Qh8+ Rh7 49. Qf8+ Rg7 50. Qh8+ Rh7 51. Qd8 Re7 52. Qf8+ Kh7 53. Qf6 Qe1+ 54. Kh2 Qe5+ 55. Qxe5 Rxe5 56. Rd7+ Kg8 57. Rc7 Rf5 58. Kh3 Kf8 59. g4 Re5 60. Kg3 hxg4 61. Kf4 Rf5+ 62. Kxg4 Kg8 63. Rc6 Kg7 64. Rc7+ Kg8 65. Rd7 Kf8 66. Kg3 Kg8 67. Rd6 Kf7 68. Kg4 Kg7 69. Rd7+ Kf6 70. Rc7 Ke6 1/2-1/2

[Event "Frankfurt-chA"]
[Site "Frankfurt"]
[Date "2014.05.26"]
[Round "5"]
[White "Lebermann, Hellmuth"]
[Black "Janke, Christian"]
[Result "1-0"]
[WhiteElo "1865"]
[BlackElo "1949"]
[PlyCount "139"]
[EventDate "2014.04.28"]
[EventType "swiss"]
[EventRounds "7"]
[EventCountry "GER"]
[SourceTitle "EXT 2015"]
[Source "ChessBase"]
[SourceDate "2014.11.20"]
[SourceVersion "1"]
[SourceVersionDate "2014.11.20"]
[SourceQuality "1"]

1. Nf3 f5 2. d4 Nf6 3. c4 g6 4. Nc3 Bg7 5. e3 0-0 6. Bd3 d6 7. Rb1 h6 8. 0-0 Nc6 9. b4 e6 10. b5 Ne7 11. Bb2 g5 12. Qc2 b6 13. Rbd1 Qe8 14. e4 Nh5 15. exf5 exf5 16. Rfe1 Qf7 17. Qe2 Ng6 18. Nxg5 hxg5 19. Qxh5 Bxd4 20. Qxg5 Be5 21. Na4 Bf4 22. Qh5 Ne5 23. Qh4 Ng6 24. Qh3 Bb7 25. Re2 Ne5 26. Bc2 Qg6 27. Kf1 Kf7 28. Qxf5+ Qxf5 29. Bxf5 Bxh2 30. Be4 Bxe4 31. Rxe4 Kg6 32. Rdd4 Nd7 33. Rg4+ Kf5 34. g3 Ne5 35. Rdf4+ Ke6 36. Bxe5 dxe5 37. Rxf8 Rxf8 38. Kg2 Rh8 39. Re4 Kf5 40. Re1 Bxg3 41. fxg3 Rd8 42. Re2 Rd3 43. Nb2 Rc3 44. Kf2 e4 45. a4 Ke5 46. g4 Kf4 47. g5 e3+ 48. Kg2 Kxg5 49. Kf3 Kf5 50. Rxe3 Rc2 51. Rb3 Rh2 52. Nd3 Rc2 53. Ke3 Rxc4 54. Rb4 Rc2 55. Rf4+ Ke6 56. Nb4 Rc3+ 57. Kd2 Ra3 58. Nc6 Kd6 59. Nxa7 Kd7 60. Kc2 Re3 61. Nc6 Ra3 62. Kb2 Rh3 63. Ne5+ Kc8 64. Rf8+ Kb7 65. Nc6 Rb3+ 66. Kc2 Rc3+ 67. Kd2 Rd3+ 68. Ke2 Re3+ 69. Kf2 Re8 70. Nd8+ 1-0

[Event "Frankfurt-chA"]
[Site "Frankfurt"]
[Date "2014.05.12"]
[Round "3"]
[White "Lebermann, Hellmuth"]
[Black "Calvi, Stefan"]
[Result "1-0"]
[WhiteElo "1865"]
[BlackElo "2054"]
[PlyCount "110"]
[EventDate "2014.04.28"]
[EventType "swiss"]
[EventRounds "7"]
[EventCountry "GER"]
[SourceTitle "EXT 2015"]
[Source "ChessBase"]
[SourceDate "2014.11.20"]
[SourceVersion "1"]
[SourceVersionDate "2014.11.20"]
[SourceQuality "1"]

1. Nf3 Nf6 2. g3 g6 3. Bg2 Bg7 4. 0-0 0-0 5. c4 d6 6. Nc3 Nbd7 7. Rb1 a5 8. b3 e5 9. d3 c6 10. Bb2 Nh5 11. Ne4 Qe7 12. Ba3 Nc5 13. e3 Nxe4 14. dxe4 c5 15. Qd3 f5 16. Nd2 f4 17. exf4 exf4 18. Bb2 Bxb2 19. Rxb2 Be6 20. Rbb1 g5 21. Rfe1 Rad8 22. Rbd1 Qf6 23. e5 dxe5 24. Ne4 Qe7 25. Qc3 Rxd1 26. Rxd1 fxg3 27. hxg3 Bf5 28. Qxa5 Bxe4 29. Bxe4 Nf6 30. Bd5+ Nxd5 31. Rxd5 Rc8 32. Qe1 Re8 33. Qe3 b6 34. Qe4 Qe6 35. Qd3 Qf6 36. Rd6 Qf7 37. Rxb6 e4 38. Qd5 Qxd5 39. cxd5 e3 40. fxe3 Rxe3 41. Kf2 Rd3 42. a4 Rxd5 43. Ke3 Rd1 44. Rb5 Rb1 45. Kd2 Rg1 46. Rxc5 Rxg3 47. b4 h6 48. a5 g4 49. a6 Rg2+ 50. Kc3 Rg3+ 51. Kc4 Rf3 52. a7 Rf8 53. Rb5 Rc8+ 54. Kb3 Ra8 55. Rb8+ Kg7 1-0

[Event "Frankfurt-chA"]
[Site "Frankfurt"]
[Date "2013.06.03"]
[Round "5"]
[White "Lebermann, Hellmuth"]
[Black "Rauscher, Joachim"]
[Result "1/2-1/2"]
[WhiteElo "1963"]
[BlackElo "1834"]
[PlyCount "38"]
[EventDate "2013.04.29"]
[EventType "swiss"]
[EventRounds "7"]
[EventCountry "GER"]
[SourceTitle "EXT 2014"]
[Source "ChessBase"]
[SourceDate "2013.11.20"]
[SourceVersion "1"]
[SourceVersionDate "2013.11.20"]
[SourceQuality "1"]

1. e4 c5 2. Nf3 d6 3. d4 cxd4 4. Nxd4 Nf6 5. Nc3 g6 6. f3 Bg7 7. Be3 0-0 8. Qd2 Nc6 9. 0-0-0 Nxd4 10. Bxd4 Be6 11. Kb1 Re8 12. h4 Qa5 13. h5 Rac8 14. a3 a6 15. hxg6 fxg6 16. Nd5 Qxd2 17. Nxf6+ Bxf6 18. Rxd2 Bxd4 19. Rxd4 Kg7 1/2-1/2

[Event "Rhein Main op-A 16th"]
[Site "Bad Homburg"]
[Date "2013.05.30"]
[Round "3"]
[White "Lebermann, Hellmuth"]
[Black "Koronowski, Heinz Juergen"]
[Result "1/2-1/2"]
[WhiteElo "1963"]
[BlackElo "1848"]
[PlyCount "59"]
[EventDate "2013.05.29"]
[EventType "swiss"]
[EventRounds "7"]
[EventCountry "GER"]
[SourceTitle "EXT 2014"]
[Source "ChessBase"]
[SourceDate "2013.11.20"]
[SourceVersion "1"]
[SourceVersionDate "2013.11.20"]
[SourceQuality "1"]

1. e4 e5 2. d4 exd4 3. Nf3 Nc6 4. Nxd4 Bc5 5. Be3 Qf6 6. c3 Nge7 7. Bc4 Ne5 8. Be2 Qg6 9. Bf3 0-0 10. 0-0 Qb6 11. b4 Bxd4 12. Bxd4 Qe6 13. Be2 N5c6 14. Nd2 Nxd4 15. cxd4 d5 16. exd5 Qxd5 17. Nb3 Bf5 18. Bf3 Be4 19. Bxe4 Qxe4 20. Re1 Qh4 21. Rc1 c6 22. Qd3 Qf6 23. b5 Rad8 24. Qe4 Nd5 25. bxc6 bxc6 26. Qc2 Rd6 27. Qc5 Nf4 28. Rc3 Re6 29. Rce3 Rxe3 30. Rxe3 1/2-1/2

[Event "Frankfurt-chA"]
[Site "Frankfurt"]
[Date "2013.05.13"]
[Round "3"]
[White "Lebermann, Hellmuth"]
[Black "Ortinau, Peter"]
[Result "1/2-1/2"]
[WhiteElo "1963"]
[BlackElo "2070"]
[PlyCount "51"]
[EventDate "2013.04.29"]
[EventType "swiss"]
[EventRounds "7"]
[EventCountry "GER"]
[SourceTitle "EXT 2014"]
[Source "ChessBase"]
[SourceDate "2013.11.20"]
[SourceVersion "1"]
[SourceVersionDate "2013.11.20"]
[SourceQuality "1"]

1. Nf3 d5 2. g3 Nf6 3. Bg2 c5 4. 0-0 Nc6 5. d4 e6 6. c3 Bd6 7. h3 0-0 8. Be3 b6 9. Nbd2 h6 10. Nb3 c4 11. Nbd2 Bd7 12. b3 b5 13. a4 a6 14. b4 Qc7 15. Qc2 Rfe8 16. Rfb1 Ne7 17. axb5 axb5 18. Nf1 Ne4 19. Bc1 Bc6 20. Qb2 Ng6 21. N3d2 f5 22. Rxa8 Rxa8 23. Ra1 Qb8 24. Rxa8 Qxa8 25. Nxe4 fxe4 26. Qa3 1/2-1/2